Wird geladen...

Oceans: Realities and prospects

Bibliographische Detailangaben
1. Verfasser: Sharma, R C
Format: Printed Book
Veröffentlicht: Rajesh Publications, New Delhi 1985
Schlagworte:
LEADER 00528nam a2200193 4500
020 |c 250 
082 |a 551.46 SHA-O 
100 |a Sharma, R C 
245 |a Oceans: Realities and prospects 
250
260 |a Rajesh Publications, New Delhi  |c 1985 
300 |a 298 
490
500
590 |a PRP  |b 2011-03-22 18:28:10  |c 250 
650 |a Oceanography 
942 |c BK 
999 |c 96295  |d 96295 
952 |0 0  |1 0  |4 0  |6 551_460000000000000_SHAO  |7 0  |9 109763  |a AQU  |b AQU  |g 250.00  |l 0  |o 551.46 SHA-O  |p AQU02666  |r 2019-09-25  |w 2019-09-25  |y BK